Inbound marketing bakalárska práca

Salvato in:
Dettagli Bibliografici
Autore principale: Čulík, Matej
Ente Autore: Obchodná fakulta EU. Katedra marketingu
Altri autori: Chomová, Katarína, 1983-
Natura: Libro
Lingua:slovacco
Pubblicazione: Bratislava 2015
Tags: Aggiungi Tag
Nessun Tag, puoi essere il primo ad aggiungerne!!

MARC

LEADER 00000nbm a2200000 4500
001 0206524
005 20161212110248.0
041 0 |a slo 
044 |a SK 
245 1 0 |a Inbound marketing  |b bakalárska práca  |c Matej Čulík ; školiteľ: Katarína Chomová 
264 1 |a Bratislava  |c 2015 
300 |a 44 s. 
100 1 |a Čulík, Matej 
700 1 |a Chomová, Katarína, 1983- 
710 2 |a Obchodná fakulta EU. Katedra marketingu